• 首页
  • 本馆介绍
  • 公告通知
  • 最新文献
  • 馆藏检索
  • 电子资源
  • 读者导购
  • 参考咨询
  • 我的图书馆
  • 登录
  • 详细信息显示
  • 放入我的书架
  • 预约/预借图书
  • 作者相关作品
  • 分类相关作品
  • 丛书相关作品
  • 出版社相关作品

书目信息

  • 表格格式
  • 工作单格式
  • 卡片格式
题名:
著名评剧演员筱俊亭唱腔选
    
 
作者: ;沈阳市评剧音乐研究组 编
分册:  
出版信息: 沈阳   春风文艺出版社  1983
页数: 475页
开本: 21cm
丛书名:
单 册:
中图分类: I236.22
科图分类:
主题词: 唱腔-评剧--选集 , 戏剧文学--剧本--中国 , 评剧-唱腔--选集
电子资源:
ISBN:
000 00885nam0 2200277 45
001 0183003805
005 20070729094913.21
010    @dCNY1.60
091    @aCN@b10158.623
100    @a19950605d1983 em y0chiy0121 ea
101 0  @achi
102    @aCN@b210000
105    @afg z 000yy
200 10 @a著名评剧演员筱俊亭唱腔选@Azhu ming ping ju yan yuan xiao jun ting chang qiang xuan@f沈阳市评剧音乐研究组编
210    @a沈阳@c春风文艺出版社@d1983
215    @a475页@c照片@d21cm
300    @a书脊、版权页题名:筱俊亭唱腔选
517 1  @a筱俊亭唱腔选@Axiao jun ting chang qiang xuan
606    @a唱腔-评剧@x选集
606 0  @a戏剧文学@x剧本@x中国
606    @a评剧-唱腔@x选集
690    @aI236.22@v3
711 02 @a沈阳市评剧音乐研究组@Ashen yang shi ping ju yin yue yan jiu zu@4编
801  0 @aCN@bTSSF@c20070729
801  2 @aCN@bNLC@c20060914
905    @a10447@dI236.22@e12
    
    著名评剧演员筱俊亭唱腔选/沈阳市评剧音乐研究组编.-沈阳:春风文艺出版社,1983
    475页:照片;21cm
    书脊、版权页题名:筱俊亭唱腔选
    
    ISBN :CNY1.60
    
●
相关链接 在E读中查询图书 在五车中查询图书 在当当中查询图书 在豆瓣中查询图书


正题名:著名评剧演员筱俊亭唱腔选     索取号:I236.22/12         预约/预借

序号 登录号 条形码 馆藏地/架位号 状态 备注
1 0455698   204556989   密集书库/ [索取号:I236.22/12] 在馆    
2 0466835   204668350   密集书库/ [索取号:I236.22/12] 在馆    
3 0473734   204737348   密集书库/ [索取号:I236.22/12] 在馆    
4 0785562   207855622   密集书库/ [索取号:I236.22/12] 在馆    
唐山师范学院图书馆 欢迎您!
大连网信软件有限公司© 版权所有